The surface of a portion of the James basin in South Dakota, (Record no. 28059)
[ view plain ]
| 000 -LEADER | |
|---|---|
| fixed length control field | 00905cam a22002411 4500 |
| 001 - CONTROL NUMBER | |
| control field | gs 46000023 |
| 003 - CONTROL NUMBER IDENTIFIER | |
| control field | DLC |
| 005 - DATE AND TIME OF LATEST TRANSACTION | |
| control field | 20260227111351.0 |
| 008 - FIXED-LENGTH DATA ELEMENTS--GENERAL INFORMATION | |
| fixed length control field | 790612s1946 sdub s000 0 eng c |
| 010 ## - LIBRARY OF CONGRESS CONTROL NUMBER | |
| LC control number | gs 46000023 |
| 035 ## - SYSTEM CONTROL NUMBER | |
| System control number | (OCoLC)5057612 |
| 040 ## - CATALOGING SOURCE | |
| Original cataloging agency | U.S. Geol. Survey. Library |
| Transcribing agency | TxCM |
| Modifying agency | OCoLC |
| -- | DLC |
| -- | WaU |
| 050 00 - LIBRARY OF CONGRESS CALL NUMBER | |
| Classification number | QE164.J3 |
| Item number | R7 |
| 082 ## - DEWEY DECIMAL CLASSIFICATION NUMBER | |
| Classification number | 551 |
| 100 1# - MAIN ENTRY--PERSONAL NAME | |
| Personal name | Rothrock, E. P. |
| Fuller form of name | (Edgar Paul), |
| Dates associated with a name | 1889-1977. |
| 245 14 - TITLE STATEMENT | |
| Title | The surface of a portion of the James basin in South Dakota, |
| Statement of responsibility, etc. | by E.P. Rothrock. |
| 260 ## - PUBLICATION, DISTRIBUTION, ETC. | |
| Place of publication, distribution, etc. | Vermillion, S.D., |
| Name of publisher, distributor, etc. | University of South Dakota, |
| Date of publication, distribution, etc. | 1946. |
| 300 ## - PHYSICAL DESCRIPTION | |
| Extent | 2 p. l., 21 p. |
| Other physical details | maps (2 fold. in pocket) |
| Dimensions | 28 cm. |
| 490 0# - SERIES STATEMENT | |
| Series statement | South Dakota. State geologist. Report of investigations, |
| Volume/sequential designation | no. 54 |
| 500 ## - GENERAL NOTE | |
| General note | Cover-title. |
| 500 ## - GENERAL NOTE | |
| General note | At head of title: State of South Dakota ... State Geological Survey ... |
| 650 #0 - SUBJECT ADDED ENTRY--TOPICAL TERM | |
| Topical term or geographic name entry element | Physical geography |
| Geographic subdivision | James River (N.D. and S.D.) |
No items available.